Konštrukcia a programovanie\\robotického vozidla so všesmerovými kolesami

Saved in:
Bibliographic Details
Main Author: Špaková, Monika (Author)
Other Authors: Valo, Richard (Thesis advisor)
Format: Manuscript Book
Language:Slovak
Published: 2021
Subjects:
Online Access:http://is.stuba.sk/zp/portal_zp.pl?podrobnosti=148979
Tags: Add Tag
No Tags, Be the first to tag this record!

MARC

LEADER 00000ntm a22000003a 4500
001 stuzp84980
003 SK-STU
005 20210626211944.3
007 ta
008 150427s2015----xo-----f-mn---000-0-slo-d
040 |a STU  |b slo 
041 0 |a slo 
100 1 |a Špaková, Monika  |u 047220  |4 aut  |U FCHPT Ústav informatizácie, automatizácie a matematiky  |T FCHPT Oddelenie informatizácie a riadenia procesov  |X 97450  |U C7220  |Y 121  |7 97450 
242 0 1 |a Construction and programming of a robotic vehicle with mecanum wheels  |y eng 
245 1 0 |a Konštrukcia a programovanie\\robotického vozidla so všesmerovými kolesami 
260 |c 2021 
650 4 |a EV3  |2 slo 
650 4 |a ESP32  |2 slo 
650 4 |a všesmerové kolesá  |2 slo 
650 4 |a vozidlo  |2 slo 
650 4 |a autonómne manévre  |2 slo 
650 4 |a mobilná aplikácia  |2 slo 
650 4 |a autonomous maneuvers  |2 eng 
650 4 |a mobile application  |2 eng 
650 4 |a EV3  |2 eng 
650 4 |a ESP32  |2 eng 
650 4 |a mecanum wheels  |2 eng 
650 4 |a vehicle  |2 eng 
700 1 |a Valo, Richard  |u 047220  |k Z1  |4 ths  |U FCHPT Ústav informatizácie, automatizácie a matematiky  |T FCHPT Oddelenie informatizácie a riadenia procesov  |X 10204  |U C7220  |Y 121  |7 10204 
856 4 |u http://is.stuba.sk/zp/portal_zp.pl?podrobnosti=148979